Statistics for Countries that Beat Montenegro

Click here to take the quiz!

General Stats

  • This quiz has been taken 229 times
  • The average score is 8 of 15

Answer Stats

RankCategoryCountries% Correct
2Smallest former Yugoslav countryKosovo
91%
5Smallest bordering the Mediterranean SeaMonaco | Malta | Cyprus | Lebanon
84%
9 (t)Shortest border between two countriesBotswana | Zambia | Italy | Vatican City | France |
Monaco | North Korea | Russia
76%
4Most forested in Europe [1]Finland | Sweden | Slovenia
73%
4 (t)Longest one-word name in Europe [3]Liechtenstein | Netherlands | Switzerland
71%
2Most recent to join the United NationsSouth Sudan
71%
4Whose flag has the highest % red in EuropeAlbania | Switzerland | Latvia
67%
3Highest civilian gun ownership rate [4]United States | Yemen
65%
5Highest military personnel per-capita in NATO [2]Lithuania | Greece | Portugal | Estonia
36%
2Most recent to change the name
of their current capital
Kazakhstan
34%
2Most recent to join the NATONorth Macedonia
27%
14Highest % of its population is Muslim [7]
* among countries with a Muslim population < 50%
Guinea-Bissau | Ivory Coast | Eritrea | Tanzania |
North Macedonia | Ethiopia | Cameroon | Benin |
Cyprus | Liberia | Malawi | South Sudan | Togo
20%
7Most populous country with population
under 1 million
Djibouti | Fiji | Comoros | Guyana |
Bhutan | Solomon Islands
19%
2 (t)Widest flag [5]Qatar
15%
5Highest death rate from COVID-19 [6]Peru | Bulgaria | Bosnia and Herzegovina | Hungary
13%

Score Distribution

Percentile by Number Answered

Percent of People with Each Score

Your Score History

You have not taken this quiz